| 000 | 01684cam a2200385 a 4500 | ||
|---|---|---|---|
| 001 | 15521241 | ||
| 003 | OSt | ||
| 005 | 20180116183017.0 | ||
| 008 | 081113s2009 mauab b 001 0 eng | ||
| 010 | _a 2008047906 | ||
| 020 | _a9789339205805 | ||
| 035 | _a(OCoLC)ocn244764111 | ||
| 035 | _a(OCoLC)244764111 | ||
| 040 |
_aDLC _cDLC _dBTCTA _dC#P _dBWX _dYDXCP _dDLC |
||
| 050 | 0 | 0 |
_aHD30.2 _b.A65 2009 |
| 082 | 0 | 0 |
_a658.4038011 APP 2009 _222 |
| 100 | 1 | _aApplegate, Lynda M. | |
| 245 | 1 | 0 |
_aCorporate Information Strategy and Management : _btext and cases / _cLynda M. Applegate, Robert D. Austin, Deborah L. Soule. |
| 250 | _a8th ed. | ||
| 260 |
_aBoston : _bMcGraw-Hill Irwin, _cc2009. |
||
| 300 |
_axi, 513 p. : _bill., maps ; _c24 cm. |
||
| 504 | _aIncludes bibliographical references (p. 495-498) and index. | ||
| 650 | 0 |
_aInformation technology _xManagement. |
|
| 650 | 0 | _aManagement information systems. | |
| 650 | 0 | _aInformation resources management. | |
| 650 | 0 |
_aInformation technology _xManagement _vCase studies. |
|
| 700 | 1 |
_aAustin, Robert D. _q(Robert Daniel), _d1962- |
|
| 700 | 1 | _aSoule, Deborah L. | |
| 856 | 4 | 2 |
_3Publisher description _uhttp://www.loc.gov/catdir/enhancements/fy1101/2008047906-d.html |
| 856 | 4 | 1 |
_3Table of contents only _uhttp://www.loc.gov/catdir/enhancements/fy1408/2008047906-t.html |
| 856 | 4 | 2 |
_3Contributor biographical information _uhttp://www.loc.gov/catdir/enhancements/fy1516/2008047906-b.html |
| 906 |
_a7 _bcbc _corignew _d1 _eecip _f20 _gy-gencatlg |
||
| 942 |
_2ddc _cBK |
||
| 999 |
_c350422 _d350422 |
||